| 000 | 00567nam a22002057a 4500 | ||
|---|---|---|---|
| 005 | 20260515115040.0 | ||
| 008 | 240920b |||||||| |||| 00| 0 eng d | ||
| 020 | _a9789382056195 | ||
| 040 |
_aIN-DiNC _cIN-DiNC |
||
| 041 | _dasm | ||
| 082 |
_a370 _bDEK |
||
| 100 |
_aDeka, Nabanita _eauthor |
||
| 245 |
_aUchchatar madhyamik shiksha (XI)/ _cby Nabanita Deka and Mamoni Gogoi Baruah |
||
| 250 | _a5th ed. | ||
| 260 |
_aDibrugarh: _bBanalata, _c2024. |
||
| 300 | _a336p. | ||
| 650 | _aEducation (XI) | ||
| 700 |
_aBaruah, Mamoni Gogoi _eauthor |
||
| 942 |
_2ddc _cBK |
||
| 999 |
_c11952 _d11952 |
||